Inteligentné osvetlenie v podniku s požiadavkami na ekológiu a udržateľnú konkurencieschopnosť

Cieľom príspevku je priblížiť a analyzovať využitie technológií Industry 4.0 v strojárskom podniku na Slovensku. Vysvetlite ich pozitívny vplyv na životné prostredie a podnikateľskú činnosť prostredníctvom využívania inovatívnych technológií. Prvá časť príspevku je zameraná na samotný prístup Indust...

Description complète

Enregistré dans:
Détails bibliographiques
Auteur principal: Vavrová, Katarína, 1960-
Format: Chapitre de livre
Langue:slovaque
Sujets:
Tags: Ajouter un tag
Pas de tags, Soyez le premier à ajouter un tag!

MARC

LEADER 00000naa$a2200000$$$4500
001 0289840
005 20240502074438.6
041 0 |a slo 
044 |a SK 
245 1 0 |a Inteligentné osvetlenie v podniku s požiadavkami na ekológiu a udržateľnú konkurencieschopnosť  |c Katarína Vavrová 
520 |a Cieľom príspevku je priblížiť a analyzovať využitie technológií Industry 4.0 v strojárskom podniku na Slovensku. Vysvetlite ich pozitívny vplyv na životné prostredie a podnikateľskú činnosť prostredníctvom využívania inovatívnych technológií. Prvá časť príspevku je zameraná na samotný prístup Industry 4.0, popisuje vývoj priemyslu, jeho princípy. Následne sa diskutuje o technológiách, ktoré využíva Industry 4.0. Príspevok popisuje vzťah medzi technológiou a ekológiou. Prvá polovica príspevku popisuje technológiu inteligentného osvetlenia vo firme a analyzuje jej vplyv na životné prostredie vo vzťahu ku konkurencieschopnosti firmy. V druhej časti príspevku približujeme fungovanie technológie zmiešanej reality, ktorú spoločnosť využíva. Ide o moderné technológie, ktoré do bežnej praxe postupne zavádza čoraz viac firiem. Záver príspevku je venovaný analýze zistení danej problematiky. 
610 2 0 |a priemysel 4.0 
610 2 0 |a ekológia 
610 2 0 |a technológie nové 
610 2 0 |a technológie inteligentné 
610 2 0 |a osvetlenie 
610 2 0 |a podnik 
610 2 0 |a konkurencieschopnosť 
100 1 |a Vavrová, Katarína, 1960-